02488njm a2200349Ia 4500001000600000003000900006005001700015008004100032040001300073040001300086041001300099999001900112999000900131100002500140100002500165100004500190245006800235250001100303260001100314260006600325300001700391300003100408500014200439505098600581511003701567650006301604700008901667700006501756700006901821942001201890952023601902G7131IT-RoPAU20220918181206.0131025s9999 xx 000 0 und d aIT-RoPAU cIT-RoPAU aSPAGNOLO c103465d103465 bn.d. aDe Lucia Paco922744 eAutore musica933002 gCodice autore musica SPICS: 11612922746 aFabulosa guitarra (La) - Fantasia flamenca - El duende flamenco a2a ed. aMADRID bPOLYGRAM IBERICAc1995 [1a Ed.:1967 - Ed. Lingua Orig.: 1967] aCOMPACT DISC c107 minuti (Testo: 0 pag.) aMusica strumentale, flamenco. Tre cd con note biografiche sull'autore e riflessioni sulla sua opera artistica da parte di Faustino Nunez. aPrimo cd "La Fabulosa Guitarra" (1967), con 10 brani: 1. Gitanos Trianeros (3:42) - 2. Llanto Cadiz (3:27) - 3. Recuerdo a Patino (3:08) - 4. Punta Umbria (3:24) - 5. Jerezana (3:02) - 6. Viva la union (4:42) - 7. Llora la siguiriya (3:16) - 8. En la caleta (3:23) - 9. Impetu (2:57) - 10. El tajo (3:33). Secondo cd "Fantasia Flamenca" (1969), con 10 brani: 1. Aires de linares (6:04) - 2. Mi inspiracion (3:09) - 3. Guajiras de Lucia (3:21) - 4. Mantilla de feria (3:17) - 5. El tempul (3:28) - 6. Panaderos flamencos (2:37) - 7. Generalife bajo la luna (4:41) - 8. Fiesta en moguer (3:16) - 9. Lamento minero (4:21) - 10. Celosa (3:08). Terzo cd "El Duende Flamenco" (1972), con 10 brani: 1. Percusion Flamenca (3:42) - 2. Barrio la vina (3:25) - 3. Doblan Campanas (5:45) - 4. Farruca de Lucia (4:36) - 5. Tientos del mentidero (3:27) - 6. Farolillo de feria (4:06) - 7. De madrugà (3:11) - 8. Cuando canta el gallo (3:49) - 9. Punta del faro (3:59) - 10. Canastera (4:11). aPaco De Lucia, José Torregrosa aFLAMENCO [COMPACT DISC]eCodice MATERIA SPICS: 9949933003 aDe Lucia PacoeAutore testo e musicagCodice autore testo/musica SPICS: 11612933004 aTorregrosa JoségCodice autore SPICS: 55550eAutore933005 aDe Lucia PacoeInterpretegCodice interprete SPICS: 11612933006 cCD2ddc 0010406G_7131_00000000000000071aSPICSbSPICSd2013-10-25l0oG7131r2013-10-25 00:00:00w2013-10-25yCDzProgr. Ins.: 22891 / N.Vol.: 3 / Copie: 1 - Copia rara: n.d. / date import: 01.01.2014 - By Epidotti, Trombetti, Vaglietti